[Event "Quebec-ch U18"]
[Site "Montreal"]
[Date "2014.01.19"]
[Round "6"]
[White "Dascine Henry, James"]
[Black "Johnson, Nicholas1"]
[Result "0-1"]
[WhiteElo "1360"]
[BlackElo "1811"]
[PlyCount "64"]
[EventDate "2014.01.17"]
[EventType "tourn"]
[EventRounds "4"]
[EventCountry "CAN"]
[SourceTitle "EXT 2022"]
[Source "ChessBase"]
[SourceDate "2021.10.06"]
[SourceVersion "1"]
[SourceVersionDate "2021.10.06"]
[SourceQuality "1"]

1. d4 e6 2. e4 d5 3. e5 c5 4. Bb5+ Nc6 5. Bxc6+ bxc6 6. Nf3 Ba6 7. a3 h5 8. Nc3 Nh6 9. Bxh6 Rxh6 10. Ne2 Rb8 11. b3 h4 12. h3 f5 13. 0-0 c4 14. b4 Rb7 15. c3 g5 16. Kh1 Rg7 17. Qd2 Rh8 18. a4 Rgg8 19. b5 Bb7 20. bxc6 Bxc6 21. Rfb1 g4 22. Nfg1 Rh7 23. Ra2 Bh6 24. Qc2 Rgg7 25. a5 Qg5 26. Kh2 gxh3 27. g3 hxg3+ 28. fxg3 f4 29. Nf3 fxg3+ 30. Kg1 Qe3+ 31. Kh1 Qxf3+ 32. Kg1 h2# 0-1

[Event "Quebec-ch U18"]
[Site "Montreal"]
[Date "2014.01.18"]
[Round "3"]
[White "Ma, Indy"]
[Black "Dascine Henry, James"]
[Result "1/2-1/2"]
[WhiteElo "1694"]
[BlackElo "1360"]
[PlyCount "58"]
[EventDate "2014.01.17"]
[EventType "tourn"]
[EventRounds "4"]
[EventCountry "CAN"]
[SourceTitle "EXT 2022"]
[Source "ChessBase"]
[SourceDate "2021.10.06"]
[SourceVersion "1"]
[SourceVersionDate "2021.10.06"]
[SourceQuality "1"]

1. d4 d5 2. c4 Bg4 3. Qc2 e6 4. e3 Bb4+ 5. Bd2 a5 6. Qa4+ Qd7 7. Qxd7+ Nxd7 8. a3 Bxd2+ 9. Nxd2 Ngf6 10. Bd3 0-0 11. Ngf3 c6 12. 0-0 Rfe8 13. h3 Bxf3 14. Nxf3 Rac8 15. Rac1 b6 16. cxd5 exd5 17. Rc2 c5 18. dxc5 bxc5 19. Bb5 Re7 20. Rfc1 Kf8 21. Nd2 Rb8 22. a4 Rc8 23. Nb3 c4 24. Nxa5 Nc5 25. Nb3 Nd3 26. Rd1 Nb4 27. Rcc1 Na2 28. Rc2 Nb4 29. Rcc1 Na2 1/2-1/2